The message of Ezra and Haggai : (Record no. 21254)

MARC details
000 -LEADER
fixed length control field 02364cam a2200409 a 4500
001 - CONTROL NUMBER
control field 16430655
003 - CONTROL NUMBER IDENTIFIER
control field OSt
005 - DATE AND TIME OF LATEST TRANSACTION
control field 20260216144416.0
008 - FIXED-LENGTH DATA ELEMENTS--GENERAL INFORMATION
fixed length control field 100824s2010 ilu b 000 0 eng
010 ## - LIBRARY OF CONGRESS CONTROL NUMBER
LC control number 2010035595
020 ## - INTERNATIONAL STANDARD BOOK NUMBER
International Standard Book Number 9780830824328
Qualifying information pbk. : alk. paper
020 ## - INTERNATIONAL STANDARD BOOK NUMBER
International Standard Book Number 0830824324
Qualifying information pbk. : alk. paper
035 ## - SYSTEM CONTROL NUMBER
System control number 16430655
035 ## - SYSTEM CONTROL NUMBER
System control number (OCoLC)658200726
040 ## - CATALOGING SOURCE
Original cataloging agency DLC
Transcribing agency DLC
Modifying agency YDX
-- YDXCP
-- SGB
-- BWX
-- IGR
-- BTA
-- DLC
050 00 - LIBRARY OF CONGRESS CALL NUMBER
Classification number BS1355.53
Item number .F93 2010
082 00 - DEWEY DECIMAL CLASSIFICATION NUMBER
Classification number 222/.707
Edition number 22
100 1# - MAIN ENTRY--PERSONAL NAME
Personal name Fyall, Robert S.
245 14 - TITLE STATEMENT
Title The message of Ezra and Haggai :
Remainder of title building for God /
Statement of responsibility, etc. Robert Fyall.
260 ## - PUBLICATION, DISTRIBUTION, ETC. (IMPRINT)
Place of publication, distribution, etc. Downers Grove, Ill. :
Name of publisher, distributor, etc. Inter-Varsity Press,
Date of publication, distribution, etc. c2010.
300 ## - PHYSICAL DESCRIPTION
Extent 186 p. ;
Dimensions 21 cm.
336 ## - CONTENT TYPE
Content type term text
Content type code txt
Source rdacontent
337 ## - MEDIA TYPE
Media type term unmediated
Media type code n
Source rdamedia
338 ## - CARRIER TYPE
Carrier type term volume
Carrier type code nc
Source rdacarrier
490 1# - SERIES STATEMENT
Series statement The Bible speaks today: Old Testament series
504 ## - BIBLIOGRAPHY, ETC. NOTE
Bibliography, etc Includes bibliographical references (p. 13-14).
505 0# - FORMATTED CONTENTS NOTE
Formatted contents note Ezra. The ransomed of the Lord return (1:1-11) ; What's in a name? (2:1-70) ; Getting priorities right (3:1-6) ; Starting to take shape (3:7-13) ; The vultures gather (4:1-24) ; God's work cannot be stopped (5:1-17) ; The king and the King (6:1-22) ; God's man arrives (7:1-10) ; The king's heart is in the hand of the Lord (7:11-28) ; Another exodus (8:1-36) ; Faithless people; faithful God (9:1-15) ; Not a happy ending (10:1-44) -- Haggai. When are we to build? (1:1-2) ; A wake-up call (1:3-11) ; At the centre (1:12-15) ; Better days are coming! (2:1-9) ; Count your blessings (2:10-19) ; The best is yet to be (2:20-23).
520 ## - SUMMARY, ETC.
Summary, etc. This commentary by Robert Fyall highlights the contemporary parallels of the challenges Israel faced to those of today's church and demonstrates the relevance of the books of Ezra and Haggai for God's people in all times.--From publisher description.
630 00 - SUBJECT ADDED ENTRY--UNIFORM TITLE
Uniform title Bible.
Name of part/section of a work Ezra
Form subdivision Commentaries.
630 00 - SUBJECT ADDED ENTRY--UNIFORM TITLE
Uniform title Bible.
Name of part/section of a work Haggai
Form subdivision Commentaries.
655 #7 - INDEX TERM--GENRE/FORM
Genre/form data or focus term Commentaries.
Source of term lcgft
Authority record control number https://id.loc.gov/authorities/genreForms/gf2025026014
830 #0 - SERIES ADDED ENTRY--UNIFORM TITLE
Uniform title Bible speaks today.
Name of part/section of a work Old Testament series.
906 ## - LOCAL DATA ELEMENT F, LDF (RLIN)
a 7
b cbc
c orignew
d 1
e ecip
f 20
g y-gencatlg
942 ## - ADDED ENTRY ELEMENTS (KOHA)
Source of classification or shelving scheme Library of Congress Classification
Koha item type General Collection
Holdings
Withdrawn status Lost status Source of classification or shelving scheme Not for loan Home library Current library Shelving location Date acquired Source of acquisition Inventory number Total Checkouts Full call number Barcode Date last seen Copy number Price effective from Koha item type
    Library of Congress Classification   Kabarak, Main Campus Kabarak, Main Campus General Stacks 16/02/2026 Donation 2025/   BS1355.53 .F93 2010 C.1 39982 16/02/2026 C.1 16/02/2026 General Collection
Designed with assistance from East African Informatics Ltd